L'étude des auteurs classiques latins aux xie et xiie siècles, tome iv - 1re partie: la réception de la littérature classique, travaux philologiques /

Guardado en:
Autor Principal: Munk Olsen, Birger
Formato: Libro
Publicado: Paris : Cnrs, 2009
Materias:
Etiquetas: Agregar Etiqueta
Sin Etiquetas, Sea el primero en etiquetar este registro!
LEADER 00704nam a22001935a 4500
001 EHU.bham041237
003 AR-BHAM
005 20111024183712.0
008 130507s2009##################000#0#####d
020 |a 9782271068453 
082 8 7 |a 879 
100 1 |a Munk Olsen, Birger 
245 1 0 |a L'étude des auteurs classiques latins aux xie et xiie siècles, tome iv - 1re partie: la réception de la littérature classique, travaux philologiques /  |c Birger Munk Olsen 
260 |a Paris :  |b Cnrs,  |c 2009 
300 |a 393 p. 
653 |a Literatura latina-estudios 
653 |a Filología latina 
653 |a Literatura latina-siglos xi-xii 
859 |a AR-BHAM  |b BIB. HUMANIDADES - General  |h 879  |i M819  |p 463.11  |t Ej.1  |v IV-I  |3 IV-I